000 00233nam a22001097a 4500
100 _aWebster
245 _aThe merriam webster synonyms & antonyms
250 _a2012
260 _bMerriam -webster
300 _a443
942 _2ddc
_cBK
999 _c10977
_d10977